000 00715nam a2200253 i 4500
999 _c7277
_d7277
001 4097423
003 OSt
005 20210922135937.0
008 750624s1975 nyua b 001 0 eng
010 _a 74027183
020 _a0879010401
040 _aDLC
_cDDC
_dDLC
050 0 0 _aQH308.2
_b.C86 1975
082 0 0 _a574CUR 1975
100 1 _aCurtis, Helena;
_914941
245 0 0 _aBiology.
_cEdited by Curtis,Helena;
250 _a2d ed.
260 _aNew York :
_bWorth Publishers,
_c1975.
300 _axxv,1065p.
_bill; (some col.) ;
_c28cm.
504 _aIncludes; references, glossary and index.
650 0 _aBiology.
_95602
906 _a7
_bcbc
_corignew
_d2
_eocip
_f19
_gy-gencatlg
942 _2ddc
_cO_SHELF